| 000 | 00601nam a2200205 a 4500 | ||
|---|---|---|---|
| 005 | 20140310183516.0 | ||
| 008 | 110110s19uu xx 00 eng d | ||
| 020 | _a97803454791743 | ||
| 050 |
_aHC 102.5 _b.T871 2005 |
||
| 100 | _aTrump, Donald | ||
| 245 |
_aTrump : _bthe art of the deal / _cDonald Trump. |
||
| 260 |
_aNew York : _bBallantine Books, _c1987. |
||
| 300 |
_a372 p. : _bill. ; _c18 cm. |
||
| 521 | _aBSBA | ||
| 650 | _aBusiness people-USA-Biography. | ||
| 650 | _aReal estate developers-USA-Biography. | ||
| 700 | _awith Tony Schwartz | ||
| 942 |
_cBK _2lcc _kFOR |
||
| 999 |
_c24288 _d24288 |
||